| 000 | 01696cam a22004334i 4500 | ||
|---|---|---|---|
| 003 | PE-LiUPU | ||
| 005 | 20250731184532.0 | ||
| 008 | 150623s r 000 0 d | ||
| 035 | _a(Sirsi) a23045 | ||
| 040 |
_aPE-LiUPU _bspa _cPE-LiUPU _erda |
||
| 082 | 0 | 4 |
_a985.81 _bC72 _221 |
| 100 | 1 |
_aCollin Delavaud, Claude, _eautor. |
|
| 245 | 1 | 4 |
_aLas regiones costeñas del Perú septentrional : _bocupación humana, desarrollo regional / _cClaude Collin Delavaud. |
| 264 | 1 |
_aLima : _bCentro de Investigación y Promoción del Campesinado, _c1984. |
|
| 300 |
_a229 páginas : _bilustraciones, cuadros, fotos ; _c30 cm. |
||
| 336 |
_atext _2rdacontent |
||
| 337 |
_aunmediated _2rdamedia |
||
| 338 |
_avolume _2rdacarrier |
||
| 505 | 0 | _aLos fundamentos de la ocupación del suelo. -Los fundamentos históricos y humanos. -La valoración agrícola. -La pequeña explotación. -La gran explotación y la era de las reformas. -la vida regional. | |
| 526 | _aP136 | ||
| 526 | _aP135 | ||
| 526 | _aP134 | ||
| 526 | _aP133 | ||
| 526 | _aP144 | ||
| 526 | _aP143 | ||
| 526 | _aP87 | ||
| 526 | _aP35 | ||
| 526 | _aP20 | ||
| 526 | _aP14 | ||
| 526 | _aP10 | ||
| 526 | _aP06 | ||
| 650 | 0 | 4 |
_aGeografía económica _zPerú - Costa. |
| 651 |
_aPerú _xCondiciones económicas. |
||
| 942 |
_2ddc _cBOOK |
||
| 949 |
_a985.81 C72 _wDEWEY _c1 _i47104 _lCCODEBUL1 _mBUL _p00.00 _r0 _sY _tBOOK _u2015-06-24 _xBIBLIOTECA _zUNKNOWN _0COMPRA _o.STAFF. Colección General |
||
| 596 | _a1 | ||
| 999 |
_a985.81 C72 _wDEWEY _c23679 _i47104 _f2021-11-8 _g5 _lCCODEBUL1 _mBUL _r0 _sY _tBOOK _u2015-6-24 _xBIBLIOTECA _zUNKNOWN _0COMPRA _o.STAFF. Colección General _d23679 |
||
| 980 |
_81 _gALBERTO SANCHEZ Responsable de Automatización |
||